| 000 | 00500nam a22001817a 4500 | ||
|---|---|---|---|
| 003 | OSt | ||
| 005 | 20260317145837.0 | ||
| 008 | 250615b |||||||| |||| 00| 0 eng d | ||
| 020 | _a9780435453169 | ||
| 040 | _cOutspan Global University | ||
| 050 |
_aHF1106 _b.N44 2000 |
||
| 100 |
_aNeedham, David _eAuthor |
||
| 245 |
_aAdvanced Business _cby David Needham |
||
| 260 |
_aBritain: _bHeinemann Publishers, _cc2000. |
||
| 650 | _aBusiness | ||
| 700 |
_aDransfield, Robert _eAuthor |
||
| 942 |
_2lcc _cBK _n0 |
||
| 999 |
_c780 _d780 |
||